000 01057nam a22002777a 4500
001 285
003 OSt
005 20250327100614.0
008 250317b |||||||| |||| 00| 0 eng d
040 _bpor
041 _heng
_apor
082 _a823
_bB869m
100 1 _aBrontë, Emily,
_d1818-1848
_9177
240 _aWuthering Heights
245 _a O morro dos ventos uivantes /
_cBrontë, Emily, ; Tradução de Oscar Mendes
250 _a2 ed.
260 _aPôrto Alegre
_bAbril
_c1971
300 _a313 p.
490 1 _aOs Imortais da Literatura Universal
520 _aA obra conta a história da paixão entre Heathcliff e Catherine na fazenda chamada Morro dos Ventos Uivantes. Amigos de infância, eles são separados pelo destino, mas a união do casal é mais forte do que qualquer tormenta - um amor proibido que deixará rastros de ira e vingança.
650 0 _aLiteratura Inglesa
_989
655 0 _aRomance
_923
700 _eTradutor
_aOscar Mendes
830 _aOs Imortais da Literatura Universal
_9461
_vvol. 10
942 _2ddc
_n0
_cBK
999 _c285
_d285